| 000 | nam a22 7a 4500 | ||
|---|---|---|---|
| 999 |
_c128559 _d128559 |
||
| 008 | 181114b xxu||||| |||| 00| 0 eng d | ||
| 050 | _aB840.R936 2002 | ||
| 245 |
_aRule-Following and meaning _cEdited by Alexander Miller and Crispin Wright |
||
| 260 |
_aUnited Kingdom _bAcumen _c2002 |
||
| 300 |
_ax, 302p. ; _c24cm. |
||
| 650 |
_aMeaning (Philosophy) _xHistory _y20th Century _943430 |
||
| 650 |
_aLanguage and languages _xPhilosophy _943431 |
||
| 650 |
_aRealism _911315 |
||
| 942 |
_2lcc _cMONOGRAPH |
||